000 00569nam a2200217Ia 4500
003 OSt
005 20220928143304.0
006 a|||||r|||| 00| 0
007 ta
008 220927b |||||||| |||| 00| 0 eng d
024 _a21579
037 _cTextual
040 _aSDCL
_cSDCL
_beng
041 _2eng
_aeng
082 _aE9G,92Z2n1,N84, M4.2
100 _aHearn Milton T W
_9505024
245 0 _aPeptide and protein reviews.V2.
260 _c1984
942 _hE9G,92Z2n1,N84, M4.2
_cTEXL
_2CC
999 _c823617
_d823617